000
00263nam a22001097a 4500
082
_a
388
_b
TRA
_c
D
245
_a
Traffic Engineering
300
_a
verable pages
_b
ill, ;
_c
24 cm
526
_a
0
_b
0
_c
0
_d
388_000000000000000_TRA
650
_a
MCE (D)
942
_2
ddc
_c
BK
999
_c
543046
_d
543046